El corazón (Registro nro. 308163)
[ vista simple ]
| 000 -ENCABEZADO | |
|---|---|
| Número de control [NR] | 00817 a2200241 4500 |
| 005 - FECHA Y HORA DE LA ÚLTIMA TRANSACCIÓN | |
| control field | 20180118154102.0 |
| 008 - DE LONGITUD FIJA DE DATOS DE ELEMENTOS - INFORMACIÓN GENERAL | |
| Elementos de longitud fija [NR] | 171103s1994 sp |||||r|||| 00| 0 eng d |
| 020 ## - NUMERO INTERNACIONAL NORMALIZADO PARA LIBROS [R] | |
| Número Internacional Normalizado del libro [NR] | 0397447191 |
| 020 ## - NUMERO INTERNACIONAL NORMALIZADO PARA LIBROS [R] | |
| Número Internacional Normalizado del libro [NR] | 9788481740363 |
| 040 ## - FUENTE DE CATALOGACION [NR] | |
| Agencia de catalogación original [NR] | CO-BoUCM |
| Idioma de catalogación [NR] | spa |
| Quien Cataloga | Sandra Palacio |
| Quien Clasifica | Sandra Palacio |
| 041 0# - CODIGO DE IDIOMA [R] | |
| Código de idioma para texto/pista de sonido o título separado [R] | Español |
| 060 ## - SIGNATURA TOPOGRAFICA DE LA BIBLIOTECA NACIONAL DE MEDICINA (NLM) [R] | |
| Número clasificador [R] | WG 210 |
| 100 1# - ASIENTO PRINCIPAL--NOMBRE PERSONAL [NR] | |
| Nombre personal [NR] | Anderson, Robert H. |
| ID Autoridad | 88519 |
| 245 13 - MENCION DE TITULO [NR] | |
| Título [NR] | El corazón |
| Parte restante del título [NR] | estructura normal y patológica |
| Mención de responsabilidad, etc. [NR] | Robert H. Anderson, Anton E. Becker |
| 260 ## - PUBLICACION, DISTRIBUCION, ETC. (PIE DE IMPRENTA) [R] | |
| Nombre del editor, distribuidor, etc. [R] | Mosby |
| Fecha de publicación, distribución, etc. [R] | 1994 |
| Lugar de publicación, distribución, etc. [R] | Barcelona (España) |
| 300 ## - DESCRIPCION FISICA [R] | |
| Extensión [R] | varias paginaciones |
| 650 17 - ASIENTO SECUNDARIO DE MATERIA - TERMINO TEMATICO [R] | |
| 9 (RLIN) | 11988 |
| Término temático o nombre geográfico como elemento de entrada [NR] | Corazón |
| Subdivisión general [R] | Anatomía |
| 650 27 - ASIENTO SECUNDARIO DE MATERIA - TERMINO TEMATICO [R] | |
| Término temático o nombre geográfico como elemento de entrada [NR] | Corazón |
| Subdivisión general [R] | Patología |
| 9 (RLIN) | 88520 |
| 650 27 - ASIENTO SECUNDARIO DE MATERIA - TERMINO TEMATICO [R] | |
| 9 (RLIN) | 10501 |
| Término temático o nombre geográfico como elemento de entrada [NR] | Cardiopatías congénitas |
| 650 27 - ASIENTO SECUNDARIO DE MATERIA - TERMINO TEMATICO [R] | |
| 9 (RLIN) | 9543 |
| Término temático o nombre geográfico como elemento de entrada [NR] | Arterias |
| 700 1# - ASIENTO SECUNDARIO - NOMBRE PERSONAL [R] | |
| Nombre personal [NR] | Becker, Anton E. |
| 9 (RLIN) | 88521 |
| 942 ## - ELEMENTOS DE ENTRADA AGREGADOS (KOHA) | |
| Tipo de ítem principal el descrito en 300a | Libro |
| Sistema de clasificación | DEWEY |
| Tema principal | Medicina |
| Edición | 1 |
| Clasificación | WG 210 |
| Parte restante de la signatura top. | A549co |
| Título oculto en OPAC | No |
| Fecha de último préstamo | Total préstamos | Signatura topográfica | Código de barras | Última vez visto | Ejemplar | Costo de reposición | Price effective from | Tipo de ítem | Perdido | Sistema de clasificación | Dañado | No prestable | Tipo de ítem específico | Suprimido | Ubicación habitual | Ubicación actual | Localización | Fecha de creación | Proveedor | Forma de adquisición | Costo |
|---|---|---|---|---|---|---|---|---|---|---|---|---|---|---|---|---|---|---|---|---|---|
| 27/02/2023 | 4 | WG 210 A549co | 100154760 | 01/12/2025 | Ej.1 | 26000.00 | 30/10/2017 | Libro | DEWEY | Libro | Fundación Cardioinfantil | Fundación Cardioinfantil | 1er piso | 30/10/2017 | 12 | Donación | 0.00 |